<?xml version="1.0" encoding="UTF-8"?>
<record
    xmlns:xsi="http://www.w3.org/2001/XMLSchema-instance"
    xsi:schemaLocation="http://www.loc.gov/MARC21/slim http://www.loc.gov/standards/marcxml/schema/MARC21slim.xsd"
    xmlns="http://www.loc.gov/MARC21/slim">

  <leader>01059    a2200181   4500</leader>
  <controlfield tag="003">Nust</controlfield>
  <controlfield tag="005">20221107123828.0</controlfield>
  <datafield tag="020" ind1=" " ind2=" ">
    <subfield code="a">8129703890</subfield>
  </datafield>
  <datafield tag="040" ind1=" " ind2=" ">
    <subfield code="c">Nust</subfield>
  </datafield>
  <datafield tag="082" ind1=" " ind2=" ">
    <subfield code="a">510,SHA</subfield>
  </datafield>
  <datafield tag="100" ind1=" " ind2=" ">
    <subfield code="a">Sharma,J.K</subfield>
    <subfield code="9">102409</subfield>
  </datafield>
  <datafield tag="245" ind1=" " ind2=" ">
    <subfield code="a">The Pearson Guide to Objective Mathematics </subfield>
    <subfield code="b">For Engineering Entrance Examination / </subfield>
    <subfield code="c">J.K.Sharma, Dinesh Khattar &amp; Anita Khattar </subfield>
  </datafield>
  <datafield tag="260" ind1=" " ind2=" ">
    <subfield code="a">Pearson Education</subfield>
    <subfield code="b">New Delhi </subfield>
    <subfield code="c">2004</subfield>
  </datafield>
  <datafield tag="300" ind1=" " ind2=" ">
    <subfield code="a">ix, 1252 p </subfield>
  </datafield>
  <datafield tag="505" ind1=" " ind2=" ">
    <subfield code="a">Functions (Page-1), Limits (Page-45), Continuity and diffferentiability (Page-79), Differentiation (Page-112), Differential equations (Page-322), Cirvles (Page-406), Permutations and Combinations (Page-680), Matrices (Page-755), Determinants (Page-779), Trigonometric rations and identities (Page-811), Trigonometric Euations (Page-847), Probability (Page-919), Statistics (Page-963), Vectors (Page-982), Dynamics (Page-1091), Set theory (Page-1118), Numerical Methods (Page-1133), Hypernolic Functions (Page-1151).</subfield>
  </datafield>
  <datafield tag="650" ind1=" " ind2=" ">
    <subfield code="a">Engineering Entrance Examination </subfield>
    <subfield code="9">102319</subfield>
  </datafield>
  <datafield tag="942" ind1=" " ind2=" ">
    <subfield code="2">ddc</subfield>
    <subfield code="c">BK</subfield>
    <subfield code="k">510,SHA</subfield>
  </datafield>
  <datafield tag="999" ind1=" " ind2=" ">
    <subfield code="c">217991</subfield>
    <subfield code="d">217991</subfield>
  </datafield>
  <datafield tag="952" ind1=" " ind2=" ">
    <subfield code="0">0</subfield>
    <subfield code="1">0</subfield>
    <subfield code="2">ddc</subfield>
    <subfield code="4">0</subfield>
    <subfield code="7">0</subfield>
    <subfield code="a">MCS</subfield>
    <subfield code="b">MCS</subfield>
    <subfield code="c">GEN</subfield>
    <subfield code="d">2016-12-12</subfield>
    <subfield code="l">1</subfield>
    <subfield code="o">510,SHA</subfield>
    <subfield code="p">MCS32649</subfield>
    <subfield code="r">2024-08-12</subfield>
    <subfield code="s">2024-07-30</subfield>
    <subfield code="w">2016-12-12</subfield>
    <subfield code="y">BK</subfield>
    <subfield code="z">Almirah No.10, Shelf No.2</subfield>
  </datafield>
</record>
